| 000 | 00697nam a2200241Ia 4500 | ||
|---|---|---|---|
| 008 | 180523s9999 xx 000 0 und d | ||
| 020 | _a978-007-126427-3 | ||
| 050 | _aMAIN GE 105 | ||
| 050 | _b.C86 2008 c.2 | ||
| 100 | _aCunningham, William P. | ||
| 245 | 0 | _aPrinciples of environmental science : | |
| 245 | 0 | _binquiry and applications / | |
| 245 | 0 | _cWilliam P. Cunningham, Mary Ann Cunningham. | |
| 250 | _a4th Edition | ||
| 260 | _aBoston : | ||
| 260 | _bMcGraw-Hill, | ||
| 260 | _c2008 | ||
| 300 | _a410 pages : | ||
| 300 | _billustrations (some colored). colored maps ; | ||
| 300 | _c26 cm. | ||
| 500 | _aIncludes index. | ||
| 650 | _aEnvironmental sciences -- Textbooks. | ||
| 999 |
_c356683 _d356683 |
||